Directory of scientific research institutions in India (Record no. 21405)

MARC details
000 -LEADER
fixed length control field 00334nam a2200121Ia 4500
082 ## - DEWEY DECIMAL CLASSIFICATION NUMBER
Classification number 058:061(540)
Item number RAJ
100 ## - MAIN ENTRY--AUTHOR NAME
Personal name Rajagopalan, T S
245 #0 - TITLE STATEMENT
Title Directory of scientific research institutions in India
260 ## - PUBLICATION, DISTRIBUTION, ETC. (IMPRINT)
Place of publication Delhi
Name of publisher INSDOC
Year of publication 1960
700 ## - ADDED ENTRY--PERSONAL NAME
Personal name Satyanarayan, R
942 ## - ADDED ENTRY ELEMENTS (KOHA)
Koha item type Books
Holdings
Withdrawn status Lost status Damaged status Not for loan Home library Current library Date acquired Source of acquisition Cost, normal purchase price Full call number Accession Number Koha item type
        RRII Library RRII Library 16/12/2021 Auction 75.00 058:061(540) RAJ 02121 Books